Statistics for 2018 NHL Playoffs Top Scorers

Click here to take the quiz!

General Stats

  • This quiz has been taken 38 times
  • The average score is 16 of 20

Answer Stats

PlayerTeamGAP% Correct
2Alexander OvechkinCapitals151227
100%
6Sidney CrosbyPenguins91221
100%
16Steven StamkosLightning7916
94%
15Brad MarchandBruins41317
94%
14Nikita KucherovLightning71017
90%
19Patrice BergeronBruins61016
90%
1Evgeny KuznetsovCapitals122032
84%
3Nicklas BackstromCapitals51823
84%
9Blake WheelerJets31821
84%
5Jake GuentzelPenguins101121
77%
17Brayden PointLightning7916
77%
11David PastrnakBruins61420
74%
12John CarlsonCapitals51520
74%
8Jonathan MarchessaultGolden Knights81321
71%
7TJ OshieCapitals81321
71%
18Filip ForsbergPredators7916
65%
4Reilly SmithGolden Knights51722
65%
10Mark ScheifeleJets14620
61%
20Dustin ByfuglienJets51116
61%
13Lars EllerCapitals71118
52%

Score Distribution

Percentile by Number Answered

Percent of People with Each Score

Your Score History

You have not taken this quiz